| 000 | 00689nam a2200241Ia 4500 | ||
|---|---|---|---|
| 003 | OSt | ||
| 005 | 20221005045536.0 | ||
| 006 | a|||||r|||| 00| 0 | ||
| 007 | ta | ||
| 008 | 221004b |||||||| |||| 00| 0 ben d | ||
| 024 | _a22842 | ||
| 037 |
_bGift, 13/10/2015, _cTextual |
||
| 040 |
_aCRL _cCRL _bben |
||
| 041 |
_2ben _aben |
||
| 082 | _aO157,3(Y:45:61)x, [M0] | ||
| 100 |
_aRoy Dinendra Kumar _9593724 |
||
| 245 | 0 | _aMera manush jal | |
| 260 |
_aKolkata _bBasumati India _c1980 |
||
| 300 |
_a102p. _ccm. |
||
| 650 | _aBENGALI LITERATURE | ||
| 942 |
_hO157,3(Y:45:61)x, [M0] _cTEXL _2cc |
||
| 999 |
_c955215 _d955215 |
||